| 000 | 00545nam a22001937a 4500 | ||
|---|---|---|---|
| 003 | DO-SdBNP | ||
| 005 | 20171129131711.0 | ||
| 008 | 171109b 2008 xxu ||||| |||| 00| 0 spa d | ||
| 020 | _a9781595545640 | ||
| 040 |
_aBPMSU _bspa _cBPMSU |
||
| 092 |
_axxxx _bxxxx |
||
| 100 | 1 | _aCoble, Colleen | |
| 245 | 1 | 0 |
_aAnathema / _cColleen Coble. |
| 260 | 1 | 0 |
_aNashville, Tenn. : _bThomas Nelson, _c2008. |
| 300 |
_a328 p. ; _c22 cm |
||
| 942 |
_2ddc _cBK |
||
| 945 | _ainventariado extranjero / DG | ||
| 956 |
_aLOPEREZ _b10 _c20171109 _h00041 _iBPMSU |
||
| 999 |
_c12830 _d12830 |
||